| 000 | 00886cam a22002055a 4500 | ||
|---|---|---|---|
| 001 | L155857 | ||
| 008 | 120418s1840 xxk f 000 0 eng d | ||
| 035 | _a(Sirsi) u155857 | ||
| 041 | 0 | _aeng | |
| 100 | 1 | _aBruff, Peter | |
| 245 | 0 | 2 |
_aA treatise on engineering field-work _bcomprising the practice of surveying, levelling, laying out works, and other field operations connected with engineering. With numerous diagrams and plates |
| 250 | _a2nd ed., corrected and enl. | ||
| 260 |
_aLondon _bSimpkin, Marshall, and Co. _c1840 |
||
| 300 |
_avii, 176 p. _bill., 7 (i.e. 6) pl. (incl. plans, diagrs., 4 fold.) _c23 cm. |
||
| 520 | _aA second part was published in 1842. This is part 1, "The theory and practice of surveying". | ||
| 583 |
_aCondition reviewed _c20120620 _lcondition level 4 |
||
| 651 | 4 |
_aGreat Britain _y1707- |
|
| 690 |
_aConstruction management _96230 |
||
| 942 | _n0 | ||
| 999 |
_c113877 _d113877 |
||